000 01013cab a2200313 4500
001 ABS56577
008 090401t1997 xxu||||| |||| 00| 0 eng d
035 _a(Sirsi) u24644
041 _aeng
100 _aRice, P.
245 _aIs there a link between electricity and cancer?
260 _c1997
350 _a0
490 _aEstates Gazette
_v(9708) 22 February 1997, 127-130(4)
520 _aConsiders the implications for the property market of the alleged links between electromagnetic fields and cancer. Compares the viewpoints of the RICS, the government, scientists and the electricity industry. Definitions.
650 _aCANCER
650 _aELECTROMAGNETIC FIELDS
650 _aHEALTH HAZARDS
650 _aMARKET ISSUES
650 _aPOWER LINES
650 _aPROPERTY VALUES
650 _aPYLONS
650 _aVALUATION ISSUES
690 _aENVIRONMENTAL AND LAND CONSULTANCY
690 _aRATING AND VALUATION
700 _aMaier, A.
942 _n0
948 _c04/03/1997
999 _c16531
_d16531